000 00500nam a22001937a 4500
003 MPLRDC
005 20220104125704.0
008 210129b ||||| |||| 00| 0 eng d
020 _a957-788-024-X
082 _a415.27 SZBM
100 _a矢追博美
245 _a挑战你的抵抗力: 过敏治疗法
_c
250 _a初版
260 _a
_b培根文化事业股份有限
_c1995
300 _b
490 _a健康丛书. 13
650 _a特异体质病症
942 _cBK
_o415.27 SZBM
999 _c29353
_d29343